The generals' war : (Record no. 549845)

000 -LEADER
fixed length control field 00589cam a2200169 a 4500
020 ## - INTERNATIONAL STANDARD BOOK NUMBER
International Standard Book Number 0316321729 :
082 00 - DEWEY DECIMAL CLASSIFICATION NUMBER
Classification number 956.7044/2
Author Mark GOR
-- L-39, P-172
100 1# - MAIN ENTRY--PERSONAL NAME
Personal name Gordon, Michael R.,
9 (RLIN) 46531
245 14 - TITLE STATEMENT
Title The generals' war :
Remainder of title the inside story of the conflict in the Gulf /
Statement of responsibility, etc. by Michael R. Gordon and Bernard E. Trainor.
250 ## - EDITION STATEMENT
Edition statement 1st ed.
260 ## - PUBLICATION, DISTRIBUTION, ETC.
Place of publication, distribution, etc. Boston :
Name of publisher, distributor, etc. Little, Brown,
Date of publication, distribution, etc. c1995.
300 ## - PHYSICAL DESCRIPTION
Extent xv, 551 p. :
Other physical details ill., map ;
Dimensions 25 cm.
526 ## - STUDY PROGRAM INFORMATION NOTE
Program name 0
Interest level 0
Reading level 0
Title point value 956_704420000000000_GOR
650 #0 - SUBJECT ADDED ENTRY--TOPICAL TERM
Topical term or geographic name entry element Persian Gulf War, 1991.
9 (RLIN) 432
700 1# - ADDED ENTRY--PERSONAL NAME
Personal name Trainor, Bernard E.,
9 (RLIN) 46532
942 ## - ADDED ENTRY ELEMENTS (KOHA)
Source of classification or shelving scheme
Koha item type Book
Holdings
Withdrawn status Lost status Source of classification or shelving scheme Damaged status Not for loan Permanent Location Current Location Date acquired Total Checkouts Total Renewals Full call number Barcode Date last seen Date last checked out Price effective from Koha item type
          Military College of Engineering (MCE) Military College of Engineering (MCE) 10/15/2014 2 1 956.7044/2 GOR MCE-42877 12/12/2017 10/18/2017 10/15/2014 Book
© 2023 Central Library, National University of Sciences and Technology. All Rights Reserved.